Marketing of financial services / (Record no. 157481)

MARC details
000 -LEADER
fixed length control field 00612nam a22002177a 4500
003 - CONTROL NUMBER IDENTIFIER
control field dpl
005 - DATE AND TIME OF LATEST TRANSACTION
control field 20180914124049.0
008 - FIXED-LENGTH DATA ELEMENTS--GENERAL INFORMATION
fixed length control field 180914b xxu||||| |||| 00| 0 eng d
010 ## - LIBRARY OF CONGRESS CONTROL NUMBER
LC control number B-031057
020 ## - INTERNATIONAL STANDARD BOOK NUMBER
International Standard Book Number 8174451307
Terms of availability 0.00
035 ## - SYSTEM CONTROL NUMBER
System control number B-031057
040 ## - CATALOGING SOURCE
Original cataloging agency DPL
Language of cataloging EN
Transcribing agency 0
082 ## - DEWEY DECIMAL CLASSIFICATION NUMBER
Classification number 332
Item number GUP
100 ## - MAIN ENTRY--PERSONAL NAME
Personal name Gupta, V.K
245 ## - TITLE STATEMENT
Title Marketing of financial services /
Statement of responsibility, etc by V.K Gupta
260 ## - PUBLICATION, DISTRIBUTION, ETC. (IMPRINT)
Place of publication, distribution, etc New Delhi
Name of publisher, distributor, etc Mohit Publications
Date of publication, distribution, etc 2000
270 ## - ADDRESS
Address 4675/21 Ansri road, daryaganj
City New Delhi
Postal code 110002
300 ## - PHYSICAL DESCRIPTION
Extent 259p.:
Dimensions 22cm
500 ## - GENERAL NOTE
General note Include Index
942 ## - ADDED ENTRY ELEMENTS (KOHA)
Source of classification or shelving scheme Dewey Decimal Classification
Koha item type English Books
Classification part 332
Call number suffix GUP

No items available.


© Delhi Public Library
Hit Counter
free hit counter